| 000 | 00000nam 2200000za 4500 |
| 001 | 9.855967 |
| 003 | CaOODSP |
| 005 | 20221107155428 |
| 007 | cr ||||||||||| |
| 008 | 180430s2002 onc fof f000 0 fre d |
| 040 | |aCaOODSP|bfre |
| 043 | |an-cn--- |
| 086 | 1 |aM39-140/2002F-PDF |
| 245 | 00|aGuide du candidate à l'examen de certification initiale |h[ressource électronique] : |bradiographie Industrielle : secteur de l'aérospatiale. |
| 246 | 30|aRadiographie Industrielle :|bsecteur de l'aérospatiale |
| 260 | |aOttawa : |bOrganisme de certification en END, Laboratoire de la technologie des matériaux de CANMET, Ressources naturelles Canada, |c2002. |
| 300 | |a33 p. |
| 500 | |aPubl. aussi en anglais sous le titre : Examination guide for initial certification : industrial radiography : aerospace sector. |
| 500 | |a« 1 décembre 2002 ». |
| 500 | |a« RNCan/LTM/ONC DOC. 4-9-RTAS-fre ». |
| 692 | 07|2gccst|aManuel |
| 692 | 07|2gccst|aAccréditation |
| 693 | 4|aRadiographie |
| 710 | 1 |aCanada.|bRessources naturelles Canada. |bSecteur des minéraux et des métaux. |
| 775 | 08|tExamination guide for initial certification |w(CaOODSP)9.846050 |
| 856 | 40|qPDF|s761 Ko|uhttps://publications.gc.ca/collections/collection_2018/rncan-nrcan/M39-140-2002-fra.pdf |